000 00741nam a22002417a 4500
005 20170124110242.0
010 _aA-248679
020 _c00.00
_a0863072755
035 _aA-248679
037 _bCen Lib/Ret
040 _aDPL
_bEN
082 _a635
_bWIL
100 _aWiles, Richard
_995579
245 _aThe garden handyman /
_cby Richard Wiles
260 _aMiddlesex
_bAura Editions
_c1985
270 _bMiddlesex
_a2 Derby Road
300 _a72p.:
_c28cm(Hb)
_bill.
490 _aGarden colour series
500 _aincludes index
650 _aGarden structures -- Design and construction.
_995580
650 _aGardens -- Structures -- Construction - Amateurs' manuals
_995581
942 _2ddc
_cEN
_h635
_mWIL
999 _c135250
_d135250